| 000 | 00742nam a2200241Ia 4500 | ||
|---|---|---|---|
| 003 | OSt | ||
| 005 | 20220924120933.0 | ||
| 006 | a|||||r|||| 00| 0 | ||
| 007 | ta | ||
| 008 | 220923b |||||||| |||| 00| 0 hin d | ||
| 024 | _a12952 | ||
| 037 | _cTextual | ||
| 040 |
_aARTS _cARTS _bhin |
||
| 041 |
_2hin _ahin |
||
| 082 | _aDelta2, 152N3 | ||
| 100 |
_aVireshvarananda Brahmachari _9183703 |
||
| 245 | 0 |
_aYoga ratnakara _b Brahma a nirvana tantra with Hindi tr by Ananta Bharati (Brahmamitra Avasthi) |
|
| 260 |
_aDelhi _bSwami Kashavananda Yoga Sansthan _c1993 |
||
| 300 |
_a129p. _ccm. |
||
| 650 | _aSPIRurdALISM | ||
| 942 |
_hDelta2, 152N3 _cTEXL _2CC |
||
| 999 |
_c405064 _d405064 |
||